00330nam a22001337a 450000500170000000800410001704100130005808200150007110000130008624500330009926000100013230000280014265000260017020231121063504.0231121b |||||||| |||| 00| 0 eng d aEnglish  a343.4 SAL  lEnglish  aSales Tax : bGeneral Guide  c1980  b108 pages ; c30,4 cm.  aLegal practice bLaw